Best Bugs Bunny

Bibliographic Details
Format: Book
Published: Malaysia : Alliance Entertainment , 2007
Subjects:

MARC

LEADER 00000cam a2200000 7i4500
001 0000086130
005 20121128.0
008 100526en g
020 |a 8887496711304 
090 0 0 |a 791.433 BES 
245 1 0 |a Best Bugs Bunny 
260 |a Malaysia :   |b Alliance Entertainment ,   |c 2007 
300 |a 2 discs ( 1 hrs 05 mins 11 secs ) : digital video disc (DVD) ; 4 3/4 in. 
650 0 0 |a Animated films 
999 |a 0000113769   |b Digital Video Disc (DVD)   |c Koleksi Media   |e Perbadanan Perpustakaan Awam Melaka 
999 |a 0000113770   |b Digital Video Disc (DVD)   |c Koleksi Media   |e Perbadanan Perpustakaan Awam Melaka